000 00481nam a2200181Ia 4500
005 20250326124413.0
008 250326s9999 xx 000 0 und d
037 _aTextbook
040 _aFMSL
_beng
_cFMSL
041 _aeng
_2eng
084 _aX:75.58 K4
_qFMSL
100 _aJasny N
_9337468
245 0 _aSoviet planning
_cJasny N
260 _aOxford
_bOxford, Basil Blackwell
_c1964
300 _a226p
942 _cTB
_hX:75.58 K4
999 _c1273581
_d1273581